Advanced Vocabulary and Idiom

Salvato in:
Dettagli Bibliografici
Autore principale: Thomas, Brian J (Autore)
Natura: Libro
Lingua:inglese
Pubblicazione: Essex : Longman, 1995
Soggetti:
Tags: Aggiungi Tag
Nessun Tag, puoi essere il primo ad aggiungerne!!

MARC

LEADER 00000nam a22000003a 4500
001 stu89734
005 20150617225623.7
008 040830s1995----uk------------------eng-d
020 |a 0-17-557126-0 
040 |a STU  |b slo 
041 0 |a eng 
044 |a uk 
080 |a 802.0:801.318 
100 1 |a Thomas, Brian J  |4 aut 
245 1 |a Advanced Vocabulary and Idiom 
260 |a Essex :  |b Longman,  |c 1995 
300 |a 123 s 
650 7 |a angličtina  |2 stusub 
996 |b 284M056015  |c M*9898-1  |l MMKN  |s A  |a 24  |w stu89734_0001